000 00933nam1a22002651i 4500
001 rc\4581543
005 20260407144226.0
035 _a(NLR Aleph) 008379422
090 _a9108149
_c9108149
100 _a20130416d1962 |||y0rusy50 ca
101 0 _arus
_aeng
102 _aRU
105 _a bg |||||
200 1 _aКаталог-справочник
_e[Т. 11]
_fСССР. В/О "Машиноэкспорт"
210 _aМосква
_cВнешторгиздат
_d[1962]
215 _d30
300 _aЗагл. также на англ. яз.: Reference catalogue
300 _aТекст парал. на рус. и англ. яз.
517 0 _aReference catalogue
710 0 2 _a"Машиноэкспорт", всесоюзное объединение
_3RU\NLR\AUTH\8810017479
_9532793
712 0 2 _a"Machinoexport", V/O
801 0 _aRU
_bNLR
_gpsbo
801 1 _aRU
_bELAR
_2rusmarc
852 _aNLR
_jПт 10/26
942 _cBOOK